| 000 | 00475nam a2200181Ia 4500 | ||
|---|---|---|---|
| 008 | 240925s9999 xx 000 0 und d | ||
| 020 | _a9781429224260 | ||
| 082 | _a519.5 MOO | ||
| 100 | _aMoore, David S. | ||
| 245 | 4 | _aThe basic practice of statistics | |
| 250 | _a5th | ||
| 260 |
_aNew York: _bW. H. Freeman _c,2010. |
||
| 300 |
_ax, 263p. _b0 _fOriginal |
||
| 500 | _aIncludes Index | ||
| 600 | _aHumanities & Natural Science | ||
| 650 | _aMathematics | ||
| 942 | _cBK | ||
| 999 |
_c17587 _d17587 |
||